Регионална библиотека "Любен Каравелов" - Русе

Шилер (Запис номер 154188)

MARC детайли
000 -Лидер
Контролно поле с фиксирана дължина 01419nam a2200349 a 4500
003 - Код на организацията, давaща контролен номер
Контролно поле BLK
005 - Дата и час на последна редакция
Контролно поле 20240925005453.0
008 - Елементи от данни с фиксирана дължина
fixed length control field 180410b bul|||||r ||||||| ||bul||
010 ## - Наследен системен номер
LC control number KNG00160757000
040 ## - Източник на каталожния запис
Идентификатор на билиотеката - собственик на записа BLK
041 ## - Код за език
Код за езика на текст/звукозапис или на отделно заглавие Български
Код за езика КДБФ Български
080 ## - УДК
Текстов определител УДК Немска литература
УДК код - определител по УДК 821.112.2
УДК определител 312.6
УДК - код + определител 821.112.2312.6
100 1# - Редна дума - Автор
Автор Бург, Паул
Авторска отговорност първи автор
R(LIN) 332360
139 ## - Редно поле
Редна дума Бург, Паул
Авторски знак Бур - Б 87
245 10 - Сведения за заглавието
Заглавие Шилер
Подзаглавни данни Романизирана биогр.
Редно поле (дума) Паул Бург; прев. от нем. Димитър Стоевски.
257 ## - Страна на издаване
Страна на създаване/издаване Германия
260 ## - Област на издателските данни
Място на издаване, разпространение и проч. София
Име на издателя, разпространителя и проч. Славчо Атанасов
Година на издаване 1943
Печатница София : Фар
300 ## - Физическа характеристика
Страници 408 с., 1 л.
Илюстрации и др. портр.
Размери/Мащаб 20 см
380 ## - Жанр
Жанр Худож. лит.
490 ## - СЕРИИ (Колекции)
Име на серия Библиотека Златни зърна
№: серия № 10
9 (RLIN) 201618
490 ## - СЕРИИ (Колекции)
Име на серия Бележити личности
9 (RLIN) 205798
500 ## - Общи забележки
Забележка Истинското име на прев. Димчо Стоев Чолаков. - 6000 тир.
600 14 - Име на лице, използвано като предмет
За него / За нея Шилер, Йохан Кристоф Фридрих фон
9 (RLIN) 380974
700 ## - Други автори (авторска отговорност)
Лично име Стоевски, Димитър
Пълна форма на името Чолаков, Димчо Стоев
9 (RLIN) 364897
852 ## - Местоположение
Форматна сигнатура Цб 37413
856 4# - Електронен адрес и достъп
Електронен формат pdf - файл
856 4# - Електронен адрес и достъп
Електронен формат pdf - файл
999 ## - СИСТЕМНИ КОНТРОЛНИ НОМЕРА
Koha biblionumber 154188
Koha biblioitemnumber 154188
942 ## - АРТИКУЛИ
Вид на библиотечния материал Книги
Скрит в OPAC Не
Периодичен библиозапис Да
944 ## - СЪЗДАВАНЕ И РЕДАКЦИЯ на ЗАПИСА
Създаване/Редакция Създаване
Дата на регистрацията/редакция 16.05.2014
Статус, дата на статуса CRON CRON
Служител, извършил регистрацията/редакцията
944 ## - СЪЗДАВАНЕ И РЕДАКЦИЯ на ЗАПИСА
Създаване/Редакция Редакция
Дата на регистрацията/редакция 2022-05-30
Служител, извършил регистрацията/редакцията ир
999 ## - СИСТЕМНИ КОНТРОЛНИ НОМЕРА
Koha biblioitemnumber 154188
Наличности
Код за отписване Код за изгубен артикул Източник на класификационната схема Код за повреда Коз за рестрикции Код за отдаване Артикулен № Име на библиотеката - собственик Име на библиотеката, в която се намира в момента Статус (Текущо местоположение) Дата на вписване в системата Местоположение - отдел Цена в лева Инвентарен номер Систематично азбучна сигнатура Баркод Номер на екземпляра Цена в евро Служебна бележка Служебен тип на артикула
  Не е изгубен Universal Decimal Classification Не е повреден само за читалня ползва се в читалня 258327 Регионална библиотека "Любен Каравелов" Русе Регионална библиотека "Любен Каравелов" Русе Хранилище 1943-01-01 Основен фонд - ползва се само за читалня 0.00 934/66 Цб 37413 900000097356 1 0.00 N: стар фонд Дата: 01.01.1943 Книги
Vip Innovations Ltd, Rousse, Bulgaria 2025